|
|
|
|
| LEADER |
00858nam a2200241 a 4500 |
| 001 |
000436106 |
| 003 |
CZ BrMZK |
| 005 |
19990315143423.0 |
| 007 |
ta |
| 008 |
990315s1997 xr f cze d |
| 040 |
|
|
|a BOA001
|b cze
|
| 080 |
|
|
|a 885.0-1
|2 MRF
|
| 100 |
1 |
|
|a Rumler, Josef,
|d 1922-1999
|7 jk01103062
|4 aut
|
| 245 |
1 |
0 |
|a Obnovené obrazy selského živobytí v Čechách /
|c Josef Rumler ; [ilustrace: Václav Špála ... [et al.]].
|
| 246 |
3 |
2 |
|a Renovigitaj bildoj de la kamparana vivado en Cehio
|
| 246 |
3 |
2 |
|a Vitae rusticae in Bohemia imagines renovatae
|
| 260 |
|
|
|a Praha :
|b J. Rumler,
|c [1997]
|
| 300 |
|
|
|a 41 s. :
|b il. ;
|c 21 cm
|
| 500 |
|
|
|a Vyd. též lat. a esp.
|
| 655 |
|
4 |
|a české básně
|
| 910 |
|
|
|a BOA001
|b 2-1056.896
|
| 990 |
|
|
|a BK
|
| 996 |
6 |
|
|b 2610099097
|c 2-1056.896
|l MZK
|r Sklad / do 1 hodiny
|n 0
|p p.v.
|w 000436106
|u 000010
|a 1
|e BOA001
|j MZK50
|s P
|